Sur la destinée de quelques manuscrits anciens (Record no. 120496)
[ view plain ]
| 000 -LEADER | |
|---|---|
| campo de control de longitud fija | 00943nam a2200217 i 4500 |
| 001 - NÚMERO DE CONTROL | |
| campo de control | 120496 |
| 003 - IDENTIFICADOR DE NÚMERO DE CONTROL | |
| campo de control | ES-MaACL |
| 005 - FECHA Y HORA DE LA ÚLTIMA TRANSACCIÓN | |
| campo de control | 20250921063031.0 |
| 007 - CAMPO FIJO DE DESCRIPCIÓN FÍSICA--INFORMACIÓN GENERAL | |
| campo de control de longitud fija | t| |
| 008 - DATOS DE LONGITUD FIJA--INFORMACIÓN GENERAL | |
| campo de control de longitud fija | 070214s1910 fr r ||||1| fre d |
| 100 1# - ENTRADA PRINCIPAL--NOMBRE DE PERSONA | |
| Nombre de persona | Pitollet, Camille, |
| Fechas asociadas al nombre | 1874-1964 |
| 9 (RLIN) | 92417 |
| 245 10 - MENCIÓN DEL TÍTULO | |
| Título | Sur la destinée de quelques manuscrits anciens |
| Resto del título | : contribution áa l'histoire de Fabri de Peirec / |
| Mención de responsabilidad, etc. | par Camille Pitollet. |
| 260 ## - PUBLICACIÓN, DISTRIBUCIÓN, ETC. | |
| Lugar de publicación, distribución, etc. | Paris : |
| Nombre del editor, distribuidor, etc. | H. Champion, |
| Fecha de publicación, distribución, etc. | 1910. |
| 300 ## - DESCRIPCIÓN FÍSICA | |
| Extensión | 15 p. ; |
| Dimensiones | 28 cm. |
| 490 1# - MENCIÓN DE SERIE | |
| Mención de serie | Bibliothèque de l'Institut français de Florence. 2ème série. Collection d'opuscules de critique et d'histoire ; |
| Designación de volumen o secuencia | 2 |
| 600 17 - PUNTO DE ACCESO ADICIONAL DE MATERIA--NOMBRE DE PERSONA | |
| Nombre de persona | Peiresc, Nicolas-Claude Fabri, |
| Fechas asociadas al nombre | 1580-1637 |
| Fuente del encabezamiento o término | |
| 9 (RLIN) | 164695 |
| 650 #4 - PUNTO DE ACCESO ADICIONAL DE MATERIA--TÉRMINO DE MATERIA | |
| Término de materia o nombre geográfico como elemento de entrada | Manuscritos griegos. |
| 9 (RLIN) | 136458 |
| 830 0# - PUNTO DE ACCESO ADICIONAL DE SERIE-TÍTULO UNIFORME | |
| Título uniforme | Bibliothèque de l'Institut français de Florence. 2ème série. Collection d'opuscules de critique et d'histoire ; |
| Designación de volumen o secuencia | 2 |
| 9 (RLIN) | 218681 |
| 852 ## - LOCALIZACIÓN | |
| Ubicación | ES-MaACL |
| Número de control de estantería | T-1188-F-11 |
| Estatus retirado | Estado de pérdida | Estado de daño | No para préstamo | Colección | Biblioteca de origen | Biblioteca actual | Ubicación en estantería | Fecha de adquisición | Fuente de adquisición | Total de préstamos | Signatura topográfica completa | Código de barras | Visto por última vez | Precio de reemplazo | Tipo de ítem Koha |
|---|---|---|---|---|---|---|---|---|---|---|---|---|---|---|---|
| Colección de folletos | Biblioteca del Ateneo de Madrid | Biblioteca del Ateneo de Madrid | Depósito folletos | 17/01/2008 | T-1188-F-11 | 1125599 | 23/02/2023 | 23/02/2023 | Folleto |
